000 00261nam a2200097Ia 4500
001 1153323
005 20250827011122.0
008 250824s9999 xx 000 0 und d
245 0 _aGEÇECEK Mİ E5 8
_cGÖKHAN ÇINAR
260 _bDESTEK YAYINLARI
999 _c1153323
_d1153323